00515 2200205 4500001002100000008004100021035002000062245007200082100002300154250000600177260003200183300001100215084001400226082000800240650001300248990001200261990001200273990001200285990001200297INLIS000000000000736 ind  a0010-0424000712 aSistem Pemindah Tenaga Pada Sepeda MotorcBeni Setyanugraha, S.Pd.T aSetyanugraha, Beni a1 aYogyakarta :bSkriptac2011 a84 hlm a600 BEN s a600 aNonfiksi a0721980 a0721981 a0721982 a0721983